| 000 | 01141nam a22002417a 4500 | ||
|---|---|---|---|
| 003 | OSt | ||
| 005 | 20250917164142.0 | ||
| 008 | 240325b ||||| |||| 00| 0 eng d | ||
| 040 | _c0 | ||
| 082 | _aDPer 621.381 In821 September 2022 v. 37 n. 9 | ||
| 100 |
_aSurana, Prashant. _eauthor. _955375 |
||
| 245 |
_aA fault-tolerant 24-sided voltage space vector structure for open-end winding induction motor drive / _cPrashant Surana, Mringanka Ghosh Majumder, Rakesh Resalayyan, K. Gopakumar, Loganathan Umanand, and Wojeciech Jarzyna. |
||
| 260 |
_aNew York ; _bThe Institute of Electrical and Electronics Engineers, Inc. , _cSeptember 2022. |
||
| 300 |
_aVolume 37, pages 10738-10746 : _billustration ; _c28 cm. |
||
| 500 | _aIEEE Transitions on Power Electronics, v. 37 n. 9, pages 10738-10746, September 2022. | ||
| 700 |
_aSurana, Prashant. _eauthor. _955375 |
||
| 700 |
_aMajumder, Mringanka Ghosh. _eauthor. _955376 |
||
| 700 |
_aResalayyan, Rakesh. _eauthor. _955377 |
||
| 700 |
_aGopakumar, K. _eauthor. _955378 |
||
| 700 |
_aUmanand, Loganathan. _eauthor. _955379 |
||
| 700 |
_aJarzyna, Wojeciech. _eauthor. _955380 |
||
| 942 |
_2ddc _cPER |
||
| 999 |
_c19850 _d19850 |
||